| 000 | 01005pam a2200277 a 4500 | ||
|---|---|---|---|
| 001 | 725851 | ||
| 003 | OSt | ||
| 005 | 20150408114009.0 | ||
| 008 | 980501s2011 ctua b 001 0 eng c | ||
| 010 | _a 98020408 | ||
| 020 | _a9780132181549 | ||
| 040 |
_aDNLM/DLC _cDLC _dDLC |
||
| 082 | 0 | 0 |
_a616.075 _221 |
| 100 | 1 |
_aKee, Joyce LeFever. _911025 |
|
| 245 | 1 | 0 |
_aLaboratory & diagnostic tests with nursing implications / _cJoyce LeFever Kee. |
| 246 | 3 | 0 | _aLaboratory and diagnostic tests with nursing implications |
| 250 | _a8th ed. | ||
| 260 |
_aStamford, Conn. : _bAppleton & Lange, _cc2011. |
||
| 300 |
_axx, 770 p. : _bill. ; _c24 cm. |
||
| 504 | _aIncludes bibliographical references (p. 725-730) and index. | ||
| 650 | 0 | _aNursing. | |
| 650 | 0 |
_aDiagnosis, Laboratory. _910882 |
|
| 650 | 1 | 2 |
_aLaboratory Techniques and Procedures _vnurses' instruction. _911026 |
| 942 |
_2ddc _cBOOK |
||
| 999 |
_c20854 _d255354 |
||